• 首页
  • 本馆介绍
  • 公告通知
  • 最新文献
  • 馆藏检索
  • 电子资源
  • 读者导购
  • 参考咨询
  • 我的图书馆
  • 登录
  • 详细信息显示
  • 放入我的书架
  • 预约/预借图书
  • 作者相关作品
  • 分类相关作品
  • 丛书相关作品
  • 出版社相关作品

书目信息

  • 表格格式
  • 工作单格式
  • 卡片格式
题名:
硅管收音机设计
    
 
作者: 周志彬 编著
分册:  
出版信息: 北京   人民邮电出版社  1981
页数: 159页
开本: 19cm
丛书名: 无线电爱好者丛书
单 册:
中图分类: TN854
科图分类:
主题词: 硅晶体管-收音机--设计 , 收音机-硅晶体管--设计
电子资源:
ISBN:
000 00727nam2 2200265 45
001 0181004003
005 20061124100422.31
010    @dCNY0.39
091    @aCN@b15045.总2501-无6147
100    @a19950323d1981 em y0chiy0121 ea
101 0  @achi
102    @aCN@b110000
105    @ay z 000yy
200 10 @a硅管收音机设计@Agui guan shou yin ji she ji@f周志彬编著
210    @a北京@c人民邮电出版社@d1981
215    @a159页@d19cm
225 2  @a无线电爱好者丛书
410  0 @120010@a无线电爱好者丛书
606    @a硅晶体管-收音机@x设计
606    @a收音机-硅晶体管@x设计
690    @aTN854@v3 
701  0 @a周志彬@Azhou zhi bin@4编著
801  2 @aCN@bNLC@c20061124
801  0 @aCN@bTSSF
905    @a10447@dTN854@e21
    
    硅管收音机设计/周志彬编著.-北京:人民邮电出版社,1981
    159页;19cm.-(无线电爱好者丛书)
    
    
    ISBN :CNY0.39
    
●
相关链接 在E读中查询图书 在五车中查询图书 在当当中查询图书 在豆瓣中查询图书


正题名:硅管收音机设计     索取号:TN854/21         预约/预借

序号 登录号 条形码 馆藏地/架位号 状态 备注
1 0073412   001321420   第二样本阅览室/ [索取号:TN854/21] 在馆    
唐山师范学院图书馆 欢迎您!
大连网信软件有限公司© 版权所有